| 000 | 00479nam a22001937a 4500 | ||
|---|---|---|---|
| 005 | 20200314141613.0 | ||
| 008 | 200314b xxu||||| |||| 00| 0 eng d | ||
| 020 |
_a9780330522922 _c₹ 450 |
||
| 040 | _beng | ||
| 041 | _aEnglish | ||
| 082 |
_aF _bNAI |
||
| 100 | _aNaipaul, V. S. | ||
| 245 |
_aThe mimic men _cV.S. Naipaul |
||
| 260 |
_aLondon _bPan Macmillan (Picador) _c2011 |
||
| 300 |
_aix,275p _b23 cm |
||
| 650 | _aFiction in English | ||
| 850 | _aLCLIB | ||
| 942 | _cBK | ||
| 999 |
_c42697 _d93176 |
||